000 00296nam a2200133Ia 4500
008 140130s9999 xx 000 0 und d
245 _cNorman bridwell
_aClifford's loose tooth
260 _bScholastic,
_c2002
300 _a30
440 _v1
521 _aBR
942 _cBK
999 _c39872
_d39872